000 00344nam a22001457a 4500
020 _a978-81-936133-9-9
041 _aENG
100 _aArya.A
245 _aUPSC General Studies Main Solved Papers
260 _aNew Delhi
_bNew Vishal
_c2019
300 _a472
650 _aCompetitive Exam
700 _aSharma.A
856 _uCompetitive Exam
999 _c177
_d177